| 000 | 00460nam a22001817a 4500 | ||
|---|---|---|---|
| 005 | 20260108095238.0 | ||
| 008 | 260108b |||||||| |||| 00| 0 eng d | ||
| 020 |
_a9780072990539 _qpbk |
||
| 041 | _aeng | ||
| 082 |
_a301 _bWIT |
||
| 100 | _aWitt, Jon | ||
| 245 |
_aThe big picture : a sociology primer _cJon Witt |
||
| 260 |
_aBoston _b McGraw-Hill _c2007 |
||
| 300 |
_a310 p. _c24 cm. |
||
| 504 | _aBib and Ref | ||
| 650 | _asociology | ||
| 942 | _cENGLISH | ||
| 999 |
_c607556 _d607556 |
||